000 00320nam a2200133 i 4500
001 bg
245 0 _aKorozja samochodów i jej zapobieganie :
_bPoradnik.
250 _aWyd.4 przerob. i uakt.
260 _aWarszawa,
_c1981.
040 _cBPK
041 _apol
942 _cKS
008 s pl f |000 0 pol
999 _c5210
_d5210
856 _uhttp://koha.tu.koszalin.pl/cgi-bin/koha/opac-detail.pl?biblionumber=5210
_yKatalog online BPK